=LDR 00000nam 2200000 4500 =001 INLIS000000000034722 =990 ##$$a 21008968 =005 20240502104611 =990 ##$$a 0001/BPAP-NTB/2016 =035 ##$$a 0010-061300000034722 =990 ##$$a 21601580/BPAP-NTB/2017 =008 240502################g##########0#ind## =990 ##$$a 01201708621 =041 ##$$a ind =990 ##$$a 21008965 =082 ##$$a 028.5 =090 ##$$a 028.5, Sho k =100 ##$$a Shone, Rob =245 1#$$a Komik pionir : $b peninggalan kuno /$c Rob Shone; Alih bahasa, Antonius Tri =260 ##$$a Jakarta :$b Elex Media Komputindo,$c 2008 =300 ##$$a 48 hlm. : $b ilus ; $c 17x24 cm. =650 #4$$a Bacaan Kanak-kanak =700 #$$a Tri, Antonius =850 ##$$a NBPNMAT =020 ##$$a 978-979-27-3763-9 =084 ##$$a 028.5 SHO k =990 ##$$a 21008968 =990 ##$$a 0001/BPAP-NTB/2016 =990 ##$$a 21601580/BPAP-NTB/2017 =990 ##$$a 01201708621 =990 ##$$a 21008965 =990 ##$$a 21008965 =990 ##$$a 21008968 =990 ##$$a 0001/BPAP-NTB/2016 =990 ##$$a 21601580/BPAP-NTB/2017 =990 ##$$a 01201708621